000
002880000a22000970004500
245
1
0
_a
Sustentabilidad... La co-responsabilidad, más allá del altruismo
300
_a
Vol.0, núm.5 (2008), Página 2
650
1
4
_a
MAYORDOMÍA-CREACIÓN
773
0
_t
La Voz Luterana de Colombia
942
_c
ANA
999
_c
62759
_d
62759